Enciclopédia vida na terra (Registo nº 200210)
[ vista simples ]
| 000 -Etiqueta do registo | |
|---|---|
| Valores | 00725nam 22002293 4500 |
| 010 ## - Número ISBN | |
| ISBN | 978-989-24-0269-7 |
| 021 ## - Número do Depósito Legal | |
| Código do país | Portugal |
| Número | 315959/10 |
| 100 ## - Dados gerais de processamento | |
| Dados gerais | 20260126 pory50 |
| 200 ## - Titulo e menção de responsabilidade | |
| Título próprio | Enciclopédia vida na terra |
| Informação de outro título | répteis |
| Outras menções de responsabilidade | revisão técnica Georgina Osório |
| Primeira menção de responsabilidade | [Editor literário] Euro Impala |
| 210 ## - Publicação | |
| Local de publicação | Sintra |
| Nome do editor | Euro Impala |
| Data de publicação | D.L.2010 |
| 215 ## - Descrição física | |
| Paginação / Volumes | 62, [2] p. |
| Outras indicações físicas | il. ; brochado |
| Dimensões | 28 cm |
| 606 ## - Nome comum usado como assunto | |
| ID Autoridade | 74 |
| Palavra de ordem | Zoologia |
| 675 ## - CDU | |
| Notação | 592(100)(031) |
| Edição | PT |
| Língua | por |
| 675 ## - CDU | |
| Notação | 599(100)(031) |
| Edição | PT |
| Língua | por |
| 675 ## - CDU | |
| Notação | 591.9(100)(031) |
| Edição | PT |
| Língua | por |
| 702 ## - Autor secundário (pessoa individual) | |
| ID Autoridade | 16047 |
| Apelido | Osório |
| Nome | Georgina |
| 711 ## - Co-autor principal (colectividade) | |
| ID Autoridade | 16046 |
| Nome da entidade | Euro Impala S. L. Editores |
| 801 ## - Fonte de origem | |
| País | PT |
| Agência | BMMN |
| Regras de catalogação | RPC |
| 830 ## - Notas gerais do catalogador | |
| Criado por | Ana |
| Indexado por | Ana |
| 990 ## - Elementos KOHA | |
| Tipo de documento | Livro |
| Situação do levantamento | Biblioteca de origem | Código de barras | Cota | Permissão de empréstimo | Tipo de documento | Forma de aquisição |
|---|---|---|---|---|---|---|
| Biblioteca Municipal de Montemor-o-Novo | 29322 | 59 ENC|DEP | Livro | Compra |